Nastúpi namiesto kvantity kvalita?

Rozhovor s prezidentkou Slovenskej asociácie cestovných kancelárií (SACK) o úlohách Asociácie, o pohnútkach vstupu podnikateľov v cestovnom ruchu do Asociácie a o príčinách útlmu v záujme čs. občanov cestovať do zahraničia.

Salvato in:
Dettagli Bibliografici
Autore principale: Haplová, L.
Natura: Capitolo di libro
Lingua:ceco
Soggetti:
Tags: Aggiungi Tag
Nessun Tag, puoi essere il primo ad aggiungerne!!

MARC

LEADER 00000naa a2200000 4500
001 r007809
005 20220831083827.5
041 0 |a cze 
044 |a [CS] 
245 1 0 |a Nastúpi namiesto kvantity kvalita?  |c L. Haplová 
520 |a Rozhovor s prezidentkou Slovenskej asociácie cestovných kancelárií (SACK) o úlohách Asociácie, o pohnútkach vstupu podnikateľov v cestovnom ruchu do Asociácie a o príčinách útlmu v záujme čs. občanov cestovať do zahraničia. 
610 2 0 |a SACK Bratislava 
610 2 0 |a kancelárie cestovné 
610 2 0 |a Slovensko 
610 2 0 |a ruch cestovný 
100 1 |a Haplová, L.